[Event "Merida World Heritage op 1st"]
[Site "Merida"]
[Date "2021.08.05"]
[Round "3"]
[White "Saavedra Fernandez, Daniel"]
[Black "Fernandez Malaga, Domingo"]
[Result "0-1"]
[WhiteElo "1418"]
[BlackElo "1188"]
[PlyCount "72"]
[EventDate "2021.08.04"]
[EventType "swiss"]
[EventRounds "9"]
[EventCountry "ESP"]
[SourceTitle "EXT 2023"]
[Source "ChessBase"]
[SourceDate "2022.10.05"]
[SourceVersion "1"]
[SourceVersionDate "2022.10.05"]
[SourceQuality "1"]

1. e4 c5 2. c3 d5 3. exd5 Qxd5 4. d4 Nc6 5. Be3 cxd4 6. cxd4 e6 7. Nc3 Qa5 8. Bd3 Bb4 9. Nge2 Nf6 10. 0-0 0-0 11. a3 Be7 12. Ng3 a6 13. Rc1 Bd7 14. Re1 Rac8 15. Bb1 Na7 16. Qd3 Bb5 17. Nxb5 Qxb5 18. d5 Qxd3 19. Bxd3 Nb5 20. dxe6 fxe6 21. Bc4 Nd5 22. Bd2 Bc5 23. Be3 Bxe3 24. Rxe3 Nd6 25. b3 Nxc4 26. bxc4 Nxe3 27. fxe3 Rc5 28. e4 Rfc8 29. Rb1 R8c7 30. Kf2 Rxc4 31. Kf3 Rc3+ 32. Kf4 Rxa3 33. Ke5 Kf7 34. Kd6 Rc6+ 35. Ke5 b5 36. Rd1 Ke7 0-1